First Crusade - Statistics

General Stats
  • This quiz has been taken 143 times
  • The average score is 7 of 19
Answer Stats
Question Answer % Correct
Jerusalem, the ultimate target of the Crusaders, was taken in this year 1099
81%
This major city was conquered following a siege in 1098 Antioch
60%
Empire in which the Byzantine's were hoping to defeat with Western aid Seljuk
59%
Residing Pope during the First Crusade Urban II
58%
What the above movement is called The People's Crusade
52%
This man led thousands of poor Christians in his own crusade, attacking Jews in Germany before being wiped out in Anatolia by the Turks Peter the Hermit
49%
Italo-Norman prince who was a leader of the Crusade Bohemond
40%
One of the four Crusader states that were established following the First Crusade Kingdom of Jerusalem
38%
Prominent French prince who helped lead the Crusade Godfrey of Bouillon
37%
One of the four Crusader states that were established following the First Crusade County of Edessa
32%
His nephew Tancred
32%
Byzantine Emperor who called for military aid from the West in 1095 Alexios I Komnenos
29%
Date of the First Crusade 1096-1099
28%
One of the four Crusader states that were established following the First Crusade County of Tripoli
28%
One of the four Crusader states that were established following the First Crusade Principality of Antioch
28%
The above was prince of Toulouse
19%
A major battle occurred at this city, which was won by the Crusaders but remained in Muslim hands Ascalon
18%
Prominent French prince who helped lead the Crusade Raymond IV
12%
Prominent French prince who helped lead the Crusade, hailing from Boulogne Baldwin I
11%
No matching quizzes found
Score Distribution
Percent of People with Each Score
Percentile by Number Answered
Your Score History
You have not taken this quiz